LEADER 01550nam a2200289 i 4500 001 000000166863 003 CaOOAMICUS 005 20250507111601.0 008 071120s1937 it u000 u ita u 040 $aSeMil$bita 100 1 $aSoranzo, Giovanni,$d<1881-1963>.$0(OLS)http://semarc/name/10613 245 10$aPeregrinus apostolicus :$blo spirito pubblico e il viaggio di Pio 6. a Vienna /$cGiovanni Soranzo. 264 1$aMilano :$bVita e Pensiero,$c1937. 300 $aXII, 658 p. ;$c25 cm. 490 1 $aPubblicazioni della Universitą Cattolica del Sacro Cuore. Ser. 5., Scienze storiche ;$v15 500 $aIn testa al front. : Erroneamente vol. 14. 650 4$aPio VI - Attivitą diplomatica.$0(OLS)http://semarc/subject/5007 650 4$aDiplomazia pontificia - Storia - Sec. 18.$0(OLS)http://semarc/subject/10826 650 4$aChiesa e Stato - Austria - Sec. 18.$0(OLS)http://semarc/subject/31795 650 4$aGiurisdizione ecclesiastica - Controversie - Sec. 18.$0(OLS)http://semarc/subject/31796 830 0$aPubblicazioni della Universitą Cattolica del Sacro Cuore. Ser. 5., Scienze storiche ;$v15.$0(OLS)http://semarc/title/14233 850 $aSeMil 852 $aSeMil$W1$xVenegono$y1$m3T IV 216$j256599$B118023$CSeMilBibl$Z2$F129404 $81 961 $aRecupero: Altro 996 $6245$aPeregrinus apostolicus :$blo spirito pubblico e il viaggio di Pio 6. a Vienna$9(OLS)http://semarc/title/238552 996 $6264$aMilano :$bVita e Pensiero$9(OLS)http://semarc/publisher/29642 LEADER 01863nam a2200325 4500 001 000000333521 003 CaOOAMICUS 005 20200612154704.0 008 190514t2018 it a 000 u mul r 020 $a978-0-9837297-4-7 040 $aSeMil$bita 245 13$aIl Crocifisso ligneo della Basilica Vaticana =$bThe wooden Crucifix of Saint Peter's Basilica /$cCuratore = Editor Pietro Zander ; Testi = Texts Lucio Calcagnile ... [et al.]. 260 $aCittą del Vaticano :$bFabbrica di San Pietro in Vaticano,$ccopyr. 2018. 300 $a277 p. :$briccamente ill., grafici, tabelle ;$c32 cm 504 $aContiene : Bibliografia = Bibliography. 505 2 $aContiene : Fonti archivistiche e letterarie = Archival and published sources. 536 $aVolume promosso e sponsorizzato dall'Ordine dei Cavalieri di Colombo. 541 1 $aFondo mons. Mario Delpini. 546 $aTesto in italiano e in inglese. 650 4$aCittą del Vaticano - Chiese - Basilica di San Pietro in Vaticano - Crocifisso ligneo sec. 14. - Storia.$0(OLS)http://semarc/subject/48410 650 4$aCittą del Vaticano - Chiese - Basilica di San Pietro in Vaticano - Crocifisso ligneo sec. 14. - Restauro.$0(OLS)http://semarc/subject/49219 700 1 $aZander, Pietro,$d<1964- >.$0(OLS)http://semarc/name/76975 700 1 $aCalcagnile, Lucio.$0(OLS)http://semarc/name/111500 850 $aSeMil 852 $aSeMil$W1$xVenegono$y1$m5N IX 86$j219882$B231068$CSeMilBibl$Z2$F231068 $8I 941 1 $a7 996 $6020$a978-0-9837297-4-7$9(OLS)http://semarc/number/287254 996 $6245$aIl Crocifisso ligneo della Basilica Vaticana =$bThe wooden Crucifix of Saint Peter's Basilica$9(OLS)http://semarc/title/423137 996 $6260$aCittą del Vaticano :$bFabbrica di San Pietro in Vaticano$9(OLS)http://semarc/publisher/54933